000 00239nam a22000977a 4500
020 _a0688061026
100 _aPeggy Parish
245 _aMerry Christmas, Amelia Bedelia /
260 _aNew York :
_bGreenwillow Books,
_c 1986.
942 _cBK
999 _c266106
_d266105